000 00667nam a2200205Ia 4500
001 15872
003 GE_BSU
008 181216s||||||||xx |||||||||||||| ||und||
040 _cGE_BSU
080 _a821.353.1-1
100 _aჭავჭავაძე, ალექსანდრე (1786-1846)
245 _aლექსები და თარგმანები
245 _cრედ.ი.გრიშაშვილი
260 _aთბილისი
260 _bსაბჭ. მწერალი
260 _c1949
300 _a265 გვ. ; 15 სმ
653 _aლექსები და თარგმანები
942 _cBK
999 _c48969
_d48969